000 00908nam a2200193 a 4500
008 150615s2008 ||||||||||||||||| || u
020 _a9780199697120
050 _aQC 16.S26 Fra
100 _aFraser, Gordon
245 1 0 _aCosmic anger: Abdus Salam-the first muslim nobel scientist
_cby Gordon Fraser
260 _aOxford:
_bOxford University Press
_c2008
300 _axiii, 305p.: ill.
350 _a25.95
650 _aNOBEL PRIZE WINNERS--PAKISTAN--BIOGRAPHY
650 _aSALAM, ABDUS, 1926-1996
650 _aPHYSICISTS--PAKISTAN--BIOGRAPHY
995 _aMEDICAL LIBRARY OPEN ACCESS
_e903125
_FCBU-SCHOOL OF MEDICINE LIBRARY (Ndola)
_I25.95
_jQC 16.S26 Fra
_M2
_UAVAILABLE
_WAug 24, 2015
_y903125
_ZMedical Library Open Access Collection
995 _aMAIN LIBRARY OPEN ACCESS
_e745608
_FCBU-MAIN LIBRARY (Kitwe)
_I25.95
_jQC 16.S26 Fra
_M1
_UAVAILABLE
_WAug 24, 2015
_y745608
_ZMain Library Open Access Collection
999 _c63757
_d63757